[Event "V Copa Marcel Duchamp 2022"]
[Site "Montevideo"]
[Date "2022.02.17"]
[Round "7.35"]
[White "Pinero, Ismael"]
[Black "Elena, Eduardo"]
[Result "0-1"]
[WhiteElo "1906"]
[BlackElo "1712"]
[Annotator "ChessBase"]
[PlyCount "38"]
[EventDate "2022.02.12"]
[EventCountry "URU"]
[SourceTitle "playchess.com"]
[Source "ChessBase"]
[SourceQuality "1"]
[TimeControl "5400+30"]

1. e4 c5 {[%emt 0:01:02]} 2. Nf3 {[%emt 0:05:22]} Nc6 {[%emt 0:00:05]} 3. d4 {[%emt 0:00:10]} cxd4 {[%emt 0:00:04]} 4. Nxd4 {[%emt 0:00:02]} Nf6 {[%emt 0:00:07]} 5. Nc3 {[%emt 0:00:05]} d6 {[%emt 0:00:03]} 6. f3 {[%emt 0:00:29]} e5 {[%emt 0:00:30]} 7. Nb3 {[%emt 0:00:00]} Be6 {[%emt 0:00:12]} 8. Be3 {[%emt 0:00:00]} Be7 {[%emt 0:00:23]} 9. Qd2 {[%emt 0:00:00]} O-O {[%emt 0:00:07]} 10. O-O-O {[%emt 0:00:00]} a5 {[%emt 0:00:05]} 11. Bb5 {[%emt 0:00:00]} Nb4 {[%emt 0:00:08]} 12. Kb1 {[%emt 0:02:15]} d5 {[%emt 0:03:09]} 13. exd5 {[%emt 0:02:06]} Nbxd5 {[%emt 0:00:45]} 14. Nxd5 {[%emt 0:00:25]} Nxd5 {[%emt 0:00:09]} 15. Qe2 {[%emt 0:00:17]} Qc7 {[%emt 0:00:49]} 16. Bd2 {[%emt 0:10:23]} Rfc8 {[%emt 0:04:24]} 17. Bd3 {[%emt 0:12:24]} a4 {[%emt 0:01:49]} 18. Na1 {[%emt 0:02:13]} a3 {[%emt 0:02:27]} 19. b3 {[%emt 0:02:15]} Nc3+ {[%emt 0:00:20]} 0-1

[Event "V Copa Marcel Duchamp 2022"]
[Site "Montevideo"]
[Date "2022.02.17"]
[Round "7.36"]
[White "Perez Selios, Luis"]
[Black "Pena Canapa, Alfredo"]
[Result "1-0"]
[WhiteElo "1429"]
[BlackElo "1841"]
[Annotator "NA RC"]
[PlyCount "143"]
[EventDate "2022.02.12"]
[EventCountry "URU"]
[SourceTitle "playchess.com"]
[Source "ChessBase"]
[SourceQuality "1"]
[TimeControl "5400+30"]

1. d4 {[%emt 0:00:04]} Nf6 {[%emt 0:00:12]} 2. Bf4 {[%emt 0:00:26]} d5 {[%emt 0:00:08]} 3. e3 {[%emt 0:00:15]} c5 {[%emt 0:00:08]} 4. c3 {[%emt 0:00:30]} Nc6 {[%emt 0:00:13]} 5. Nd2 {[%emt 0:00:17]} Qb6 {[%emt 0:00:10]} 6. Qc2 {[%emt 0:02:23]} g6 {[%emt 0:02:32]} 7. Ngf3 {[%emt 0:00:18]} Bf5 {[%emt 0:00:22]} 8. dxc5 {[%emt 0:01:54]} Qxc5 {[%emt 0:00:30]} 9. Bd3 {[%emt 0:00:26]} Bxd3 {[%emt 0:01:24]} 10. Qxd3 {[%emt 0:00:11]} Bg7 {[%emt 0:00:42]} 11. O-O {[%emt 0:01:00]} O-O 12. Rad1 Rfd8 {[%emt 0:01:42]} 13. Bc7 {[%emt 0:01:59]} Rd7 {[%emt 0:00:40]} 14. Nb3 {[%emt 0:00:13]} Qc4 {[%emt 0:00:34]} 15. Qxc4 {[%emt 0:01:22]} dxc4 {[%emt 0:00:05]} 16. Rxd7 {[%emt 0:00:11]} Nxd7 {[%emt 0:00:15]} 17. Na5 {[%emt 0:00:30]} Nxa5 {[%emt 0:00:45]} 18. Bxa5 {[%emt 0:00:10]} b6 {[%emt 0:00:44]} 19. Bb4 {[%emt 0:00:09]} Bf6 {[%emt 0:01:31]} (19... Kf8 $11) 20. a4 {[%emt 0:01:29]} Rc8 {[%emt 0:01:29]} 21. Rd1 {[%emt 0:05:45]} Nc5 {[%emt 0:00:40]} 22. Bxc5 {[%emt 0:00:30]} Rxc5 {[%emt 0:00:08]} 23. Nd2 {[%emt 0:06:52]} a6 {[%emt 0:29:09]} (23... Ra5 $142) 24. Kf1 {[%emt 0:07:22]} Be5 25. Ke2 {[%emt 0:01:24]} f5 {[%emt 0:07:38]} 26. g3 {[%emt 0:05:01]} Bd6 {[%emt 0:04:05]} 27. e4 {[%emt 0:03:21]} Kf7 {[%emt 0:01:18]} 28. f4 {[%emt 0:00:37]} Bc7 {[%emt 0:11:35]} 29. Nf3 {[%emt 0:06:10]} Ke8 {[%emt 0:05:22]} 30. Ng5 {[%emt 0:07:07]} fxe4 {[%emt 0:01:12]} 31. Nxe4 {[%emt 0:01:06]} ({White should play} 31. Ne6 $14 Rc6 32. Nxc7+ Rxc7 33. Ke3) 31... Ra5 {[%emt 0:00:07]} 32. Ra1 {[%emt 0:00:14]} b5 {[%emt 0:01:17]} 33. Nd2 {[%emt 0:08:37]} Bb6 {[%emt 0:00:38]} 34. Kf3 {[%emt 0:02:59]} Kf7 {[%emt 0:02:10]} 35. Ke4 {[%emt 0:01:22]} Ke6 {[%emt 0:03:24]} 36. g4 {[%emt 0:00:52]} Kd6 {[%emt 0:00:36]} 37. h4 {[%emt 0:03:38]} Bf2 {[%emt 0:05:26]} 38. h5 {[%emt 0:01:45]} gxh5 {[%emt 0:00:37]} 39. gxh5 {[%emt 0:00:23]} Ke6 {[%emt 0:00:06] [#]} 40. Nf3 $1 {[%emt 0:03:07]} Kf6 {[%emt 0:00:47]} 41. Ne5 {[%emt 0:00:19]} Bh4 {[%emt 0:01:30]} 42. Nc6 {[%emt 0:00:27]} Rxa4 {[%emt 0:00:06]} 43. Rxa4 {[%emt 0:00:03]} bxa4 {[%emt 0:00:10]} 44. Ne5 {[%emt 0:00:10]} Kg7 {[%emt 0:00:27]} 45. Kf5 {[%emt 0:00:23]} Bf6 $2 {[%emt 0:01:41]} (45... Kh6 $11 {and Black has nothing to worry.}) 46. Nxc4 {[%emt 0:00:51]} Kh6 $2 {[%emt 0:00:52] [#]} (46... Kf7 47. Ne5+ Ke8) 47. Kg4 $2 {[%emt 0:00:21]} (47. Ne5 $1 $18 {[%cal Re5g4] is the precise move to win.} Kg7 48. c4) 47... e6 {[%emt 0:00:51]} 48. Ne5 {[%emt 0:01:30]} Be7 {[%emt 0:01:07]} 49. Nf7+ $1 {[%emt 0:00:37]} Kg7 {[%emt 0:00:22]} 50. Ng5 {[%emt 0:00:29]} a3 {[%emt 0:00:25]} 51. bxa3 {[%emt 0:00:58]} ({Wrong is} 51. Nxe6+ $2 Kf6 52. bxa3 Kxe6 $19) 51... Bxa3 {[%emt 0:00:07]} 52. Nxe6+ {[%emt 0:00:41]} Kf7 {[%emt 0:00:30]} 53. f5 {[%emt 0:00:19]} Bb2 $2 {[%emt 0:00:38]} (53... a5 $11 {and Black is okay.}) 54. Nc7 $2 {[%emt 0:01:21]} ({White has to play} 54. Ng5+ $16 Kg8 55. Ne4) 54... a5 {[%emt 0:00:28]} 55. Nb5 {[%emt 0:00:14]} a4 {[%emt 0:01:39]} 56. c4 {[%emt 0:00:47]} Bf6 $2 {[%emt 0:02:27]} (56... a3 $19 57. Nxa3 Bxa3) 57. c5 {[%emt 0:00:33]} Be5 {[%emt 0:02:49]} 58. Kg5 $11 {[%emt 0:01:52]} Kg7 {[%emt 0:00:13]} (58... h6+ $11 59. Kxh6 Kf6) 59. c6 {[%emt 0:01:43]} h6+ {[%emt 0:00:12]} 60. Kg4 {[%emt 0:00:48]} Kf7 $16 {[%emt 0:00:14]} 61. Kf3 {[%emt 0:02:17]} Ke7 {[%emt 0:01:16]} 62. Ke4 {[%emt 0:00:17]} Bb8 {[%emt 0:00:28]} 63. c7 {[%emt 0:03:55]} Bxc7 {[%emt 0:00:09]} 64. Nxc7 {[%emt 0:00:02]} Kf7 {[%emt 0:06:23]} 65. Nd5 {[%emt 0:00:47]} a3 {[%emt 0:00:14]} 66. Nb4 {[%emt 0:00:29]} Kf6 {[%emt 0:00:14]} 67. Kf4 {[%emt 0:00:25]} Kf7 {[%emt 0:00:06]} 68. Ke5 {[%emt 0:00:07]} Ke7 {[%emt 0:00:07]} 69. f6+ {[%emt 0:00:12]} Kf7 {[%emt 0:00:03]} 70. Kf5 {[%emt 0:00:17]} Kf8 {[%emt 0:00:00]} 71. Kg6 {[%emt 0:00:22]} Kg8 {[%emt 0:00:28]} 72. f7+ {[%emt 0:00:30]} 1-0

[Event "V Copa Marcel Duchamp 2022"]
[Site "Montevideo"]
[Date "2022.02.18"]
[Round "8.1"]
[White "Lima, Darcy"]
[Black "Delgado Ramirez, Neuris"]
[Result "0-1"]
[WhiteElo "2507"]
[BlackElo "2615"]
[Annotator "TA"]
[PlyCount "74"]
[EventDate "2022.02.12"]
[EventCountry "URU"]
[SourceTitle "playchess.com"]
[Source "ChessBase"]
[SourceQuality "1"]

{[%evp 14,74,20,4,29,37,38,28,38,30,49,25,24,29,30,8,20,25,22,0,14,14,22,23,27,26,33,0,0,0,0,0,-10,-56,-58,-91,-88,-162,-82,-168,2,-175,-168,-238,-238,-208,-89,-88,0,-116,-114,-109,-106,-375,-368,-974,-934,-1559,-1501,-29979,-29980,-29990,-29990]} 1. d4 Nf6 2. c4 e6 3. Nf3 b6 4. g3 Ba6 5. Nbd2 Bb4 6. Qc2 Bb7 7. Bg2 Be4 8. Qb3 Nc6 {[%cal Oc6d4] E15: Queen's Indian: 4 g3 sidelines, 4 g3 Ba6 and 4 g3 Bb7 early deviations.} 9. O-O Bxd2 10. Bxd2 O-O {White has an edge.} 11. Bc3 {[#]} Ne7 $146 ({Predecessor:} 11... d6 12. Bh3 Bxf3 13. exf3 Na5 14. Qa4 Qe8 15. Qxe8 Rfxe8 16. b3 c5 17. Rad1 Rad8 {1-0 (42) Ibrahimli,M (2435)-Hambleton,A (2454) Chess.com INT 2021}) 12. Rfd1 {[%cal Od4d5]} d6 13. Bf1 a5 14. Be1 h6 15. Nd2 Bb7 16. Qd3 c5 17. Nb1 d5 18. dxc5 bxc5 19. cxd5 exd5 20. Qc2 Qb6 21. Bg2 Nc6 {Strongly threatening ...Nd4.} 22. Nc3 ({Wrong is} 22. Bxd5 $2 Nxd5 23. Rxd5 Nd4 24. Rxd4 cxd4 $19) 22... Nd4 23. Qb1 (23. Qd3 $11) 23... Rfd8 $1 $15 24. e3 Ne6 {Pair of Knights!} 25. b3 (25. Qd3 $17) 25... Qc7 ({Black should play} 25... d4 $1 $19 26. Na4 Qc7) 26. Na4 (26. Nb5 $17 Qb6 27. Na3) 26... Bc6 $2 ({Better is} 26... d4 $19 27. e4 c4 28. bxc4 Rab8) 27. Qc2 $2 (27. Qf5 $11 {and White stays safe.}) 27... d4 $19 {And now ...Bxg2 would win.} 28. Bxc6 (28. e4 {is a better defense.}) 28... Qxc6 29. h4 {To avoid Ng5} dxe3 (29... Ng4 $1 $19 {[%cal Rg4e5] has better winning chances. aiming for ...Ne5.} 30. e4 Ne5) 30. fxe3 $17 {[#]} Qf3 (30... Ng4 $1 $17 {[%cal Rg4e3]} 31. Rxd8+ Rxd8) 31. Rxd8+ (31. Nb6 $1 $11) 31... Rxd8 ({Of course not} 31... Nxd8 $6 32. Qg2 Qxe3+ 33. Bf2 $11) 32. Qf2 {[#]} Qg4 $36 {[%mdl 2048] Threatens to win with ...Ne4. Black is really pushing. Black is much more active.} 33. Kg2 $2 {[%mdl 8192]} (33. Nc3 $17 {might work better.}) 33... Qg6 $19 {White must now prevent ...Ng4.} ({Stronger than} 33... Ne4 34. Qf3 Qg6 35. Bxa5 $15) 34. Nb2 $2 (34. Qf3 Ng4 35. Bc3) 34... Ng4 35. Qe2 Qe4+ 36. Kg1 {[#]} Nd4 $1 {[%mdl 512]} 37. Qg2 (37. Qxg4 Qxg4) 37... Nf3+ {Weighted Error Value: White=0.87/Black=0.19 (very precise)} 0-1

[Event "V Copa Marcel Duchamp 2022"]
[Site "Montevideo"]
[Date "2022.02.18"]
[Round "8.2"]
[White "Perez Ponsa, Federico"]
[Black "Valerga, Diego"]
[Result "1-0"]
[WhiteElo "2553"]
[BlackElo "2431"]
[Annotator "TA"]
[PlyCount "97"]
[EventDate "2022.02.12"]
[EventCountry "URU"]
[SourceTitle "playchess.com"]
[Source "ChessBase"]
[SourceQuality "1"]

{[%evp 12,97,37,33,45,56,42,34,37,9,7,8,2,9,22,20,20,23,20,25,22,23,39,4,6,6,6,6,4,7,14,6,26,26,26,8,36,37,39,35,32,23,27,17,86,83,85,85,87,84,103,78,78,78,77,50,97,106,81,83,152,122,153,126,152,152,152,130,181,180,176,141,591,552,430,362,962,955,825,825,690,576,490,443,3185,3185,4610,4602]} 1. d4 d5 2. c4 e6 {[%cal Be7e6,Be6d5,Bd5d4][%mdl 32]} 3. Nc3 c5 4. cxd5 exd5 5. Nf3 Nc6 6. dxc5 d4 7. Na4 Bxc5 {[%mdl 64] Decoy. D32: Tarrasch Defence: Sidelines and lines without g3.} 8. Nxc5 Qa5+ 9. Bd2 Qxc5 {White is slightly better.} 10. e3 dxe3 11. Bxe3 Qb4+ 12. Qd2 Nf6 {[#]} 13. Qxb4 $146 ({Predecessor:} 13. Be2 Ne4 14. Qxb4 Nxb4 15. Bb5+ Ke7 16. O-O Nc2 17. Rac1 Nxe3 18. fxe3 Rd8 19. Rc7+ {1-0 (40) Orrego Palermo,M (1935)-Birchmeier Epprecht,M (1238) Valdivia 2021}) 13... Nxb4 14. Bb5+ Bd7 15. Bxd7+ Nxd7 {[%cal Bf6d7,Bd7e5,Be5d3][%mdl 32]} 16. O-O-O {Inhibits Nc2.} O-O-O 17. Ng5 (17. Kb1 $5 {[%cal Re3a7]}) 17... Ne5 18. Bxa7 Nxa2+ {Pair of Knights!} 19. Kb1 Nb4 20. Bb6 Rxd1+ 21. Rxd1 f6 22. Ne4 Ned3 23. Ba5 Rf8 {[#]} 24. Nc5 $1 Nc6 $1 25. Rxd3 Nxa5 $14 {[%mdl 4096] Endgame KRN-KRN} 26. Ra3 b6 27. Nb3 Re8 (27... Nc6 $1 $11 {remains equal.}) 28. Nxa5 $16 bxa5 29. Rxa5 {Black must now prevent Ra8+. KR-KR} Re1+ 30. Ka2 Kb7 31. Rd5 Kc6 {Inhibits Rd7.} 32. Rd2 h5 33. Kb3 Rh1 (33... h4 $1 $14) 34. h3 Rg1 35. f3 g5 (35... Kc5 $142) 36. Kc3 h4 37. b3 {[%cal Bb2b3,Bb3b4,Bb4b5][%mdl 32]} Rc1+ 38. Kd4 Kd6 39. Rb2 f5 (39... Re1 $16 40. Ra2 Kc7) 40. b4 $18 Rd1+ 41. Ke3 {Threatens to win with Rd2+.} Kc6 $2 {[%mdl 8192] A mistake that costs the game.} (41... Ra1 $16 42. Kd4 Rd1+ 43. Kc4 Re1) 42. b5+ Kb6 {[#]} 43. f4 $1 g4 (43... gxf4+ 44. Kxf4 Rd8 45. Kxf5 Rg8) 44. hxg4 {White is clearly winning.} fxg4 45. Ke4 Rf1 46. Kf5 g3 47. Kg4 {Hoping for Rb4.} Rf2 (47... h3 $142 48. gxh3 Rf2) 48. Rb1 Rxg2 49. Kxh4 {Weighted Error Value: White=0.09 (flawless) /Black=0.36} 1-0

[Event "V Copa Marcel Duchamp 2022"]
[Site "Montevideo"]
[Date "2022.02.18"]
[Round "8.3"]
[White "Coro, Lucas"]
[Black "Hungaski, Robert"]
[Result "0-1"]
[WhiteElo "2355"]
[BlackElo "2537"]
[Annotator "TA"]
[PlyCount "104"]
[EventDate "2022.02.12"]
[EventCountry "URU"]
[SourceTitle "playchess.com"]
[Source "ChessBase"]
[SourceQuality "1"]

{[%evp 9,104,16,22,21,16,21,23,16,23,20,28,0,6,0,6,0,0,0,0,0,0,-12,0,12,0,0,95,88,41,26,33,49,42,51,67,90,85,78,91,98,80,80,84,49,65,31,81,0,0,0,-15,-16,0,0,0,0,0,0,0,0,0,0,0,0,0,0,0,0,0,0,0,0,17,0,14,0,0,0,0,0,8,0,0,0,0,-78,-78,-78,-78,-78,0,-2310,-610,-487,-479,-29976,-29977]} 1. e4 c5 2. Nf3 e6 3. g3 Nc6 4. Bg2 Nf6 5. Qe2 d5 6. exd5 {B40: Sicilian: 2...e6, Unusual lines.} Nxd5 7. O-O Be7 8. Rd1 {White has an edge.} Qb6 9. d3 O-O 10. c4 Nf6 11. Nc3 {[#]} Rd8 $146 ({Predecessor:} 11... Bd7 12. Bf4 a6 13. Rab1 Rfd8 14. a3 Be8 15. b3 Rac8 16. Na4 Qa7 17. b4 Nd4 18. Nxd4 Bxa4 {½-½ (83) Goganov,A (2552)-Potkin,V (2666) Legnica 2013}) 12. Rb1 Bd7 13. a3 {[%cal Ob2b4]} Be8 14. h4 a6 15. Qe1 Qb3 16. Be3 Ng4 17. Bg5 {Threatens to win with Nd2.} Bf6 (17... Nf6 $1 $11 {remains equal.}) 18. Ne4 Bxg5 19. Nfxg5 Qb6 20. b4 cxb4 21. axb4 h6 22. Nf3 Qc7 23. d4 $1 {To avoid Nce5} Ne7 24. Nc5 $1 {[%cal Oc5e6]} Nf6 {[#]} 25. Ne5 $1 Ra7 26. Ra1 {[%cal Ob4b5]} Nf5 27. Nb3 (27. Nf3 $5 {[%cal Rc5e6]}) 27... Nd7 {[#]} (27... Raa8 $14) 28. Na5 ({Better is} 28. Nxd7 $1 $16 Bxd7 29. d5) 28... Nxe5 $11 29. dxe5 {aiming for Rxd8.} Rxd1 30. Qxd1 b6 31. Nb7 Rxb7 32. Bxb7 Qxb7 33. Qd8 Kf8 {And now ...b5 would win.} 34. b5 $1 axb5 35. Ra8 $1 {[%csl Ga8][%cal Rd8e8]} Qe7 {Strongly threatening ...Qxd8.} (35... Qc6 $2 36. Rc8 Qxc8 37. Qxc8 bxc4 38. Qxc4 $18) 36. Qxb6 {c5 is the strong threat.} g5 37. hxg5 bxc4 38. gxh6 Nxh6 39. Qc6 Nf5 40. Qxc4 Kg8 41. Qg4+ {[%mdl 1024] White has compensation.} Ng7 42. Kh2 Qd7 43. Qg5 Qc6 44. Rd8 Qa4 45. Qe7 Kh7 46. Rb8 Qd4 {[%csl LRe5,LRf2]} 47. Kg2 (47. Kh3 $11 {keeps the balance.}) 47... Bc6+ $17 ({Much weaker is} 47... Qxe5 $6 48. Rxe8 Nxe8 49. Qxe8 $11) 48. Kh3 Qxe5 {( -> ...Qf5+)} ({Reject} 48... Qxf2 49. Qh4+ Kg6 50. Qg4+ Kh7 51. Qh4+ Kg6 52. Qg4+ Kh7 53. Qh4+ $11) 49. Qh4+ Nh5 (49... Kg6 $17 50. Qg4+ Qg5 51. Qxg5+ Kxg5 52. f4+ Kg6) 50. Rb4 {[%mdl 8192]} (50. g4 $11 Qxb8 51. Qxh5+ Kg7 52. Qg5+ Kf8 53. Qc5+ Kg8 54. Qg5+ (54. Qxc6 Qe5 $11) 54... Kh8 55. Qh5+ Kg7 56. Qg5+ Kf8 57. Qc5+ Kg7 58. Qg5+) 50... Qf5+ (50... Qd5 $142 51. Re4 Qxe4 52. Qxh5+ Kg7 53. Qg5+ Qg6 54. Qe5+ Qf6) 51. Qg4 $19 Qd5 {[%cal Rd5h1]} 52. Kh4 (52. f3 $19 Qxf3 53. Qxf3 Bxf3 54. Kh2) 52... Nf6 {Weighted Error Value: White=0.27 (precise) /Black=0.21 (precise)} 0-1

[Event "V Copa Marcel Duchamp 2022"]
[Site "Montevideo"]
[Date "2022.02.18"]
[Round "8.4"]
[White "Ricardi, Pablo"]
[Black "Lopez Azambuja, Nicolas"]
[Result "1-0"]
[WhiteElo "2464"]
[BlackElo "2318"]
[Annotator "TA"]
[PlyCount "61"]
[EventDate "2022.02.12"]
[EventCountry "URU"]
[SourceTitle "playchess.com"]
[Source "ChessBase"]
[SourceQuality "1"]

{[%evp 12,61,12,6,34,20,27,0,0,-41,-49,-42,-5,-11,32,42,33,33,50,35,53,43,46,0,19,0,0,0,6,0,0,0,0,0,96,93,115,111,128,123,224,46,213,210,566,513,524,508,500,514,591,255]} 1. c4 {ChessBase II} Nf6 2. Nf3 e6 3. g3 d5 4. d4 Bb4+ 5. Bd2 a5 6. Bg2 O-O 7. Qc2 c5 {E11: Bogo-Indian.} 8. dxc5 d4 9. O-O Nc6 {The position is equal.} 10. Bf4 {To avoid e5} (10. Bxb4 $11 axb4 11. Nbd2) 10... Bxc5 $15 11. Nbd2 {[#]} a4 $146 (11... Ng4 {seems wilder.} 12. Nb3 Ba7 13. Ng5 f5 14. h3 e5) ({Predecessor:} 11... h6 12. Nb3 Bd6 13. Bxd6 Qxd6 14. c5 Qd8 15. Nfd2 a4 16. Nc1 Qe7 17. Nd3 e5 {0-1 (45) Pinter,J (2535)-Tkachiev,V (2605) Port Barcares 2005 CBM 107 [ChessBase II]}) 12. Rad1 Re8 (12... Qb6 $11) 13. Ne5 $1 $14 Nxe5 14. Bxe5 Nd7 {[#]} 15. Ne4 $1 Nxe5 16. Nxc5 Qc7 17. Ne4 (17. b4 $14) 17... Rd8 18. Ng5 f5 19. b3 Qb6 20. c5 Qb4 21. e3 {exd4 is the strong threat.} d3 22. f4 Bd7 {[#]} 23. Qd2 $1 $16 Qxd2 24. Rxd2 Nc6 25. Rxd3 {White is more active.} Nb4 (25... h6 $16) 26. Rd2 $2 (26. Rd4 $18 Nc6 27. Rxa4) 26... Nd5 {This costs Black the game.} ({Black should try} 26... Bb5 $14 27. Rxd8+ Rxd8) 27. Rfd1 Nxe3 {[#]} (27... Re8 {is more resistant.} 28. e4 (28. Bxd5 exd5 29. Kf2 axb3 $16) 28... fxe4) 28. Nxe6 $1 {[%mdl 512] White is clearly winning.} Re8 29. Rxd7 Nxd1 30. Rxd1 Rxe6 31. Bd5 {Weighted Error Value: White=0.22 (precise) /Black=0.41} (31. Bxb7 $142 Rae8 32. Bd5) 1-0

[Event "V Copa Marcel Duchamp 2022"]
[Site "Montevideo"]
[Date "2022.02.18"]
[Round "8.5"]
[White "Tristan, Leonardo"]
[Black "Coppola, Claudio"]
[Result "1-0"]
[WhiteElo "2561"]
[BlackElo "2285"]
[Annotator "TA"]
[PlyCount "25"]
[EventDate "2022.02.12"]
[EventCountry "URU"]
[SourceTitle "playchess.com"]
[Source "ChessBase"]
[SourceQuality "1"]

{[%evp 9,25,6,13,8,10,5,12,-5,79,71,91,88,158,143,293,304,288,286]} 1. d4 Nf6 2. Bg5 c5 3. Bxf6 exf6 4. c3 d5 5. e3 Qb6 6. Qb3 {A45: Trompowsky Attack.} c4 7. Qc2 g6 8. Nd2 {[%cal Bb1d2,Bd2c4,Bc4e3][%mdl 32] The position is equal.} Bf5 (8... Qc6 $11) 9. e4 $16 {[#]} dxe4 $146 {[%cal Oe4e3]} ({Predecessor:} 9... Bxe4 10. Nxe4 Qe6 11. f3 f5 12. Nh3 Bh6 13. Nhf2 fxe4 14. fxe4 O-O 15. Be2 dxe4 16. Qxe4 {½-½ (46) Orseth,D-Overas,A Norway 1984}) 10. Nxc4 ({Don't play} 10. Bxc4 $6 e3 11. Ne4 Nd7 $11) 10... Qe6 {[#]} (10... Qc7 $142) 11. Ne3 $1 {[%cal Og2g4]} Bh6 {[#]} (11... Qe7 $16 12. Bb5+ Bd7) 12. g4 $1 $18 Bxg4 13. Bc4 {Black did not feel at home in the position after the opening.  Weighted Error Value: White=0.00 (flawless) /Black=0.46} 1-0

[Event "V Copa Marcel Duchamp 2022"]
[Site "Montevideo"]
[Date "2022.02.18"]
[Round "8.6"]
[White "Morovic Fernandez, Ivan"]
[Black "Lujan, Carolina"]
[Result "1-0"]
[WhiteElo "2498"]
[BlackElo "2334"]
[Annotator "TA"]
[PlyCount "83"]
[EventDate "2022.02.12"]
[EventCountry "URU"]
[SourceTitle "playchess.com"]
[Source "ChessBase"]
[SourceQuality "1"]

{[%evp 16,83,42,6,-1,8,6,-1,46,34,45,13,53,50,61,58,59,75,72,70,70,55,93,89,86,82,105,95,155,133,164,110,127,118,116,111,131,117,104,79,179,169,220,139,126,101,124,153,150,132,129,115,254,270,350,301,405,414,397,406,516,460,690,690,931,879,1166,813,928,753]} 1. e4 c5 2. Nf3 {[%cal Bg1f3,Bf3d4,Bd4b5,Bb5a3,Ba3b1][%mdl 32]} Nc6 3. d4 cxd4 4. Nxd4 Nf6 5. Nc3 e5 6. Ndb5 d6 7. Bg5 a6 8. Na3 b5 9. Nab1 Be7 {B33: Sicilian: Pelikan and Sveshnikov Variations.} 10. Bxf6 Bxf6 11. a4 bxa4 (11... b4 $11 12. Nd5 O-O) 12. Rxa4 $14 O-O {[#]} 13. Bd3 $146 {[%cal Bf1d3,Bd3c4,Bc4d5][%mdl 32]} ({Predecessor:} 13. Nd2 Bb7 14. Nd5 Bg5 15. Nc4 Rb8 16. Bd3 Ne7 17. O-O Nxd5 18. exd5 f5 19. Na5 Bxd5 {½-½ (29) Nygren,K (2211)-Andersson,F (2299) Sweden 2013}) 13... Ne7 14. O-O Bb7 15. Bc4 Qd7 {[%cal Ob7e4]} 16. b3 a5 17. Nd5 Bc6 18. Ra2 Bxd5 19. Bxd5 Ra7 20. Nc3 Rc8 21. Bc4 Ng6 ({Better is} 21... Rb8) 22. g3 $16 Bd8 23. Qd3 (23. Nb5 $18) 23... Qh3 24. Nd5 ({Reject} 24. Qxd6 $6 Nh4 25. gxh4 Qg4+ 26. Kh1 Qf3+ 27. Kg1 Qg4+ 28. Kh1 Qf3+ 29. Kg1 Qg4+ $11) 24... h5 25. Rd1 h4 26. Qf3 hxg3 27. fxg3 Nh4 28. Qf2 $18 Rc5 (28... Rca8 {keeps fighting.} 29. Raa1 Ng6) 29. Kh1 Qg4 30. Qe2 {Active counter play!} Qxe2 31. Bxe2 Ng6 32. b4 Rc8 33. b5 $36 {[%mdl 2048] Threatens to win with b6. White is really pushing.} Rb8 {[#] Inhibits b6. This costs Black the game.} (33... Raa8 $16 {might work better.} 34. c4 Nf8) 34. Nb4 $1 {[%mdl 512]} Ne7 (34... Rba8 35. Nc6) 35. Rxd6 Bb6 36. Na6 Rbb7 37. c4 {[%cal Bc2c4,Bc4c5][%mdl 32]} Bd4 38. c5 {White is clearly winning.} Rxa6 (38... Ra8 $142 39. c6 Rba7) 39. bxa6 Rb1+ 40. Kg2 {Black must now prevent a7.} Bxc5 41. Rd1 Rb4 42. Rxa5 {Weighted Error Value: White=0.11 (very precise) /Black=0.38} 1-0